Statistics for Countries with the Greatest Amount of Forest

Click here to take the quiz!

General Stats

  • This quiz has been taken 37 times
  • The average score is 3 of 10

Answer Stats

Percentage of Land that is ForestedAnswer% Correct
72.00%Finland
71%
90.20%Suriname
59%
87.15%Palau
38%
89.74%Micronesia
35%
89.45%Seychelles
29%
78-80%Solomon Islands
29%
89.12%Tuvalu
29%
85.00%Gabon
26%
73.00%North Korea
12%
78.00%Mozambique
9%

Score Distribution

Percentile by Number Answered

Percent of People with Each Score

Your Score History

You have not taken this quiz